00879naa#a2200169#i#4500001001600000005001700016011001400033100004100047102000700088200030600095210011900401215001000520608004500530675005400575700005600629856002400685RU\\bibl\12073820260602095556.2##a2687-0185##a20251202b2025####ek#y0rusy0150####ca##aRU1#aСИСТЕМА ОРГАНОВ ПУБЛИЧНОЙ ВЛАСТИ В СУБЪЕКТАХ РОССИЙСКОЙ ФЕДЕРАЦИИ, ДЕЯТЕЛЬНОСТЬ КОТОРЫХ НАПРАВЛЕНА НА ЗАЩИТУ ПРАВ И ЗАКОННЫХ ИНТЕРЕСОВ РЕБЕНКАeЖурнальная статья1#aМоскваcМосковский университет МВД России имени В.Я. Кикотяd2025##a3 с.##aЖурнальная статья2local##aПраво. Юридические науки. 34#1aЛИХОВАgАлёна Александровна4#amosumvd.editorum.ru